| 000 | 00471nam a22001697a 4500 | ||
|---|---|---|---|
| 999 |
_c6712 _d6712 |
||
| 003 | OSt | ||
| 005 | 20190119121847.0 | ||
| 008 | 190119b ||||| |||| 00| 0 eng d | ||
| 020 | _a0963258478 | ||
| 040 | _cDLC | ||
| 082 |
_a241.68 _bT468I |
||
| 100 | _aThompson, Leroy | ||
| 245 |
_aI'll Never Be Broke Another Day In My Life / _cBy Dr. Leroy Thompson Sr. |
||
| 260 |
_aLouisiana, USA : _bEver Increasing Word Ministries, _cc2001. |
||
| 300 | _a168 p.: | ||
| 942 |
_2ddc _cBK |
||